The complete films of Mae West /

में बचाया:
ग्रंथसूची विवरण
मुख्य लेखक: Tuska, Jon (लेखक)
अन्य लेखक: Tyler, Parker
स्वरूप: पुस्तक
भाषा:अंग्रेज़ी
प्रकाशित: Secaucus : Carol Publishing Group, 1992
संस्करण:Rev. and updated ed
टैग: टैग जोड़ें
कोई टैग नहीं, इस रिकॉर्ड को टैग करने वाले पहले व्यक्ति बनें!

MARC

LEADER 00000nam a22000007i 4500
001 IT\ICCU\UBO\3306752
003 ItRI
005 20260115231822.0
008 071023s1992 xxu|||||| ||||| |||||c
020 |a 0806513594 (pbk) 
040 |b ita  |c importazione bologna sebina 
041 7 |a eng  |2 ISO-639-2 
100 1 |a Tuska, Jon  |0 IT\ICCU\VEAV\018444  |4 aut 
245 1 4 |a The complete films of Mae West /  |c by Jon Tuska ; introduction by Parker Tyler. 
250 |a Rev. and updated ed 
260 |a Secaucus :  |b Carol Publishing Group,  |c 1992 
300 |a 195 p. :  |b ill. ;  |c 28 cm. 
700 1 |a Tyler, Parker  |0 IT\ICCU\RAVV\060627 
942 |2 ddc  |c BK  |n 0 
952 |0 0  |1 0  |4 0  |6 DOC_791_430000000000000_TUS  |7 0  |9 13485  |a BO  |b BO  |d 2026-01-15  |i 2944  |l 0  |o DOC 791.430 TUS  |p BO2944  |r 2026-01-15 23:18:22  |w 2026-01-15  |x [Sebina 7] [1 v.]  |y BK  |z 1 v. 
999 |c 11589  |d 11589